Mushroom cultivation manual (Record no. 40761)

MARC details
000 -LEADER
fixed length control field 00286nam a2200109Ia 4500
082 ## - DEWEY DECIMAL CLASSIFICATION NUMBER
Classification number 635.82
Item number BHO
100 ## - MAIN ENTRY--AUTHOR NAME
Personal name Bhowmik, K L
245 #0 - TITLE STATEMENT
Title Mushroom cultivation manual
260 ## - PUBLICATION, DISTRIBUTION, ETC. (IMPRINT)
Place of publication Calcutta
Name of publisher Action research Institute
Year of publication 1994
942 ## - ADDED ENTRY ELEMENTS (KOHA)
Koha item type Books
Holdings
Withdrawn status Lost status Damaged status Not for loan Home library Current library Date acquired Cost, normal purchase price Full call number Accession Number Koha item type
        RRII Library RRII Library 16/12/2021 100.00 635.82 BHO 21057 Books